Los derechos de réplica y de rectificación en la prensa, radio y televisión / (Record no. 73955)

MARC details
000 -LEADER
campo de control de longitud fija 00520nam a2200157 i 4500
001 - NÚMERO DE CONTROL
campo de control 73955
003 - IDENTIFICADOR DE NÚMERO DE CONTROL
campo de control ES-MaACL
005 - FECHA Y HORA DE LA ÚLTIMA TRANSACCIÓN
campo de control 20230906171953.0
007 - CAMPO FIJO DE DESCRIPCIÓN FÍSICA--INFORMACIÓN GENERAL
campo de control de longitud fija t|
008 - DATOS DE LONGITUD FIJA--INFORMACIÓN GENERAL
campo de control de longitud fija 040914s1981 sp ||||1| spa d
100 1# - ENTRADA PRINCIPAL--NOMBRE DE PERSONA
Nombre de persona González Ballesteros, Teodoro.
9 (RLIN) 58442
245 14 - MENCIÓN DEL TÍTULO
Título Los derechos de réplica y de rectificación en la prensa, radio y televisión /
Mención de responsabilidad, etc. Teodoro González Ballesteros.
260 ## - PUBLICACIÓN, DISTRIBUCIÓN, ETC.
Lugar de publicación, distribución, etc. [Madrid :
Nombre del editor, distribuidor, etc. s.n.],
Fecha de publicación, distribución, etc. [1981] (
Lugar de fabricación/manufactura [Reus :
Fabricante Grefol])
300 ## - DESCRIPCIÓN FÍSICA
Extensión 263 p. ;
Dimensiones 21 cm.
852 ## - LOCALIZACIÓN
Ubicación ES-MaACL
Número de control de estantería L-1326
Sublocalización o colección R.101496
Holdings
Estatus retirado Estado de pérdida Estado de daño No para préstamo Biblioteca de origen Biblioteca actual Ubicación en estantería Fecha de adquisición Fuente de adquisición Total de préstamos Signatura topográfica completa Código de barras Visto por última vez Precio de reemplazo Tipo de ítem Koha
        Biblioteca del Ateneo de Madrid Biblioteca del Ateneo de Madrid Depósito 2 17/01/2008     L-1326 1077411 23/02/2023 23/02/2023 Libro impreso